Statistiques concernant Rugby Provincial de la Nouvelle-Zélande Carte Quiz

Cliquez ici pour prendre le quiz!

Statistiques générales

  • Ce quiz a été pris 16 fois
  • Le résultat moyen est 8 sur 26

Statistiques - réponses

Equipes % Correct
Wellington
92%
Auckland
85%
Otago
46%
Canterbury
46%
North Harbour
46%
Waikato
38%
Northland
31%
Hawke's Bay
31%
Tasman
31%
Southland
31%
Taranaki
31%
Bay of Plenty
31%
Counties-Manukau
31%
Poverty Bay
23%
Wanganui
15%
King-Country
15%
East Coast
15%
Thames Valley
15%
Buller
15%
West Coast
15%
Mid-Canterbury
15%
South Canterbury
15%
North Otago
15%
Manawatu
15%
Wairarapa-Bush
8%
Horowhenua-Kapiti
8%

Distribution des résultats

Percentile by Number Answered

% des personnes avec chaque résultat

Votre développement - résultats

Vous n’avez pas pris ce quiz